Quizzes
Events
Quiz Creation
Community
Videos
Private Events
Remove Ads
Sign In
Join for FREE
Feedback
Dark Mode
Quiz Categories
Sports
Geography
Music
Movies
Television
Just For Fun
Miscellaneous
History
Literature
Language
Science
Gaming
Entertainment
Religion
Holiday
For Kids
Quiz Lab
Recent
Popular Today
Quiz Kudos Today
Editor Picks
Curator Picks
Quizzes by...
Day
Popularity
Type
Ratings
Length
Year
Community
Subscriptions
Recent Discussions
Orange Saloon
Badges
Playlists
Quests
Create
Leaderboards
Showdown
Live 5
Trivia Bingo
Activity
Puzzle Library
Sporcle Events
Private Events
Virtual Trivia
Globe League
Become a Host
Pub Owners
SporcleCon
Opinionation
Our Games
Videos
Blog
Mobile Apps
Partnerships
Remove Ads and Go Orange
Feedback
Geography
Country
Landmarks
City
State
Population
World
Capital
Continent
Flags
Europe
Africa
Asia
South America
North America
Oceania
Border
Canada
United Kingdom
Topography
United States
Geography
Country
Landmarks
City
State
Population
World
Capital
Continent
Flags
Europe
Africa
Asia
South America
North America
Oceania
Border
Canada
United Kingdom
Topography
United States
Random Quiz
Search Sporcle
×
Quiz Lab
Quiz Lab
Geography
Country
Type in answers that appear in a list
Type in answers that appear in a list
Classic
Best Score? Go Orange.
Top 10 causes of death worldwide Stats
Can you name the Top 10 causes of death worldwide?
By
debbiedoesnothin
5m
40 Questions
754 Plays
754 Plays
754 Plays
Comments
Comments
Give Quiz Kudos
Give Quiz Kudos
-
- Ratings
hide this ad
More Info
Replay
Link that replays current quiz
Next Quiz
Link to next quiz in quiz playlist
You Got
0%
They Got
Avg Score
43%
Avg Friend Score
Upgrade to see
Score Distribution
Jump to the score distribution portion of the page
Score
0/40
Timer
05:00
1
Play Today
Countries
Cause
% Correct
Middle-
income countries
Ischaemic heart disease
90.3%
Lower income countries
Ischaemic heart disease
90.3%
Worldwide
Ischaemic heart disease
90.3%
High-
income countries
Ischaemic heart disease
90.3%
Middle-
income countries
HIV - AIDS
67.8%
Lower income countries
HIV - AIDS
67.8%
Worldwide
HIV - AIDS
67.8%
Worldwide
Trachea, bronchus, lung cancers
55.6%
High-
income countries
Trachea, bronchus, lung cancers
55.6%
Middle-
income countries
Stroke and other cerebrovascular disease
55.1%
Lower income countries
Stroke and other cerebrovascular disease
55.1%
Worldwide
Stroke and other cerebrovascular disease
55.1%
High-
income countries
Stroke and other cerebrovascular disease
55.1%
Lower income countries
Malaria
53.1%
Middle-
income countries
Lower respiratory infections
52.9%
Lower income countries
Lower respiratory infections
52.9%
Worldwide
Lower respiratory infections
52.9%
High-
income countries
Lower respiratory infections
52.9%
Middle-
income countries
Road traffic accidents
49.9%
Worldwide
Road traffic accidents
49.9%
Countries
Cause
% Correct
Middle-
income countries
Diabetes mellitus
45.3%
Worldwide
Diabetes mellitus
45.3%
High-
income countries
Diabetes mellitus
45.3%
High-
income countries
Breast cancers
37.1%
High-
income countries
Alzheimer and other dementias
35.9%
Middle-
income countries
Diarrhoeal diseases
32.8%
Lower income countries
Diarrhoeal diseases
32.8%
Worldwide
Diarrhoeal diseases
32.8%
Middle-
income countries
Tuberculosis
26.7%
Lower income countries
Tuberculosis
26.7%
Worldwide
Tuberculosis
26.7%
High-
income countries
Colon and rectum cancers
22.9%
Middle-
income countries
Chronic obstructive pulmonary disease
9%
Worldwide
Chronic obstructive pulmonary disease
9%
High-
income countries
Chronic obstructive pulmonary disease
9%
Lower income countries
Prematurity and low birth weight
8.4%
Lower income countries
Neonatal infections
7.6%
Lower income countries
Birth asphyxia and birth trauma
7.6%
Middle-
income countries
Hypertensive heart disease
4.5%
High-
income countries
Hypertensive heart disease
4.5%
Quiz Playlist
Details
Report
Send in Message
Add To Playlist
More Info:
The statistics are from World Health Organization, updated June 2011.
Classic:
Type in answers that appear in a list
Quiz Source
Last Updated: Feb 16, 2017
Quiz Scoreboard
CHALLENGE
Sign Up to Join the Scoreboard
Show All
Scores
Hide
Comments
May contain spoilers
Recently Published
9x9 Crossword: Cartoon Network
by jackfrog10
Miscellaneous
3m
College Basketball Coaching Resumes
by pancakes188
Sports
9m
Billboard Blitz: Fleetwood Mac
by CooCooCachoo
Music
15s
More to Explore
Quiz From the Vault
Featured Blog Post
Where Did the Easter Bunny Come From?
hide this ad
You Might Also Like...
Tags
Country Quiz
cause
death
Top 10
Worldwide
Today's Top Quizzes in Geography
Browse Geography
hide this ad
Today's Top Quizzes in Country
Browse Country
Top Contributed Quizzes in Geography
1
Countries of the World - No Outlines Minefield
2
Top 25 Cities of France on a map
3
Any capital of a 'B' country per Continent
4
Any capital of a 'C' country per Continent
5
Closest Countries to UK A-Z
6
Any capital of a 'D' country per Continent
7
5-to-1: US Geography No Hints
8
Any capital of an 'E' country per Continent
9
Find the US States - No Outlines
10
Any capital of an 'F' country per Continent
Explore More
Trending Topics
Kpop
Marvel
Harry Potter
NBA
Anime
Crossword
Disney
Country
Soccer
Pokémon
The Office
Song
Puzzle
WWE
NFL
hide this ad
More By:
debbiedoesnothin
Quiz
Plays
Rating
Category
Featured
Created
Did Julia Roberts Get the Guy?
38,183
4.30
Movies
Oct 18, 2013
Did Tom Hanks Find Love?
32,263
3.97
Movies
Oct 17, 2013
Missing Word: Songs About You
13,871
4.32
Just For Fun
Jun 5, 2013
Top Girl Names by Decade (clickable)
3,294
4.61
Miscellaneous
Dec 11, 2013
Most Hated Baby Names 2011
3,013
3.26
Miscellaneous
Jun 17, 2011
Go to Creator's Profile
Score Distribution
Quiz Creator Spotlight
debbiedoesnothin
Follow
Send a Message
Quizzes Created
-
Created Quiz Play Count
-
More By This Creator
Popular Quizzes Today
1
Find the US States - No Outlines Minefield
2
Find the Countries of Europe - No Outlines Minefield
3
The Countries of the World
4
Find the US States
5
Risky Map Clicking: Biggest States A-Z
6
US States
7
Popular People in 1961
8
Movies - When Are They Set?
More Geography Quizzes
Cucumber Producing Countries
Published
Trending Quizzes
Risky Map Clicking: Least Populous States A-Z
1-10 Letter G Words
1-10 Letter F Words
Risky Map Clicking: Next State Alphabetically
Adjectives in 80s TV Shows
Recently Updated
Leaping Animals
pecheneg
Reality TV Shows (A-Z)
bhenderson79
Rickey Henderson's Hall of Fame Teammates
pecheneg
Champions League XIs: Arsenal
pecheneg
Quick Pick: Celebrities in WWE's Hall of Fame
aduchscher
A-Z Keypad Blitz II
pecheneg
Multiple Oscar Actors
pecheneg
Mystery Phrase Blitz: Oscar 'Best Actors'
pecheneg
F. Scott Fitzgerald Novels
LTH
Pick 3 Villains
ddd62291
Trending Topics
Anime
Harry Potter
Disney
Kpop
Crossword
NBA
Marvel
Song
Country
Pokémon
The Office
WWE
NFL
Puzzle
Soccer
Your Account Isn't Verified!
In order to create a playlist on Sporcle, you need to verify the email address you used during registration. Go to your
Sporcle Settings
to finish the process.
Report this User
Report this user for behavior that violates our
Community Guidelines
.
Details:
Send Report
Go to the Sporcle.com Mobile Site →
Comments